| 000 | 00623nam a2200229 a 4500 | ||
|---|---|---|---|
| 001 | BRCA_5567 | ||
| 005 | 20190320205132.0 | ||
| 008 | 180211s1948----au-a######---#000-0#ger-# | ||
| 041 | _ager | ||
| 044 | _aau | ||
| 050 | 4 |
_aNB588 _b.B54 1948 |
|
| 100 | 1 |
_aBier, Justus _910315 |
|
| 245 | 1 | 0 |
_aTilman Riemenschneider ein Gedenkbuch _cJustus Bier. |
| 260 |
_aAustria _bAnton Schroll _c1948 |
||
| 300 |
_a37 p. _bil., 112 láminas _c26 cm. |
||
| 500 | _aEstado físico: camisa rota | ||
| 500 | _aF42 | ||
| 650 | 1 | 4 |
_aPintura renacentista _97759 |
| 650 | 1 | 4 |
_aPintores _xRenacimiento _914202 |
| 902 | _aGFM | ||
| 942 |
_2lcc _cB |
||
| 999 |
_c5261 _d5261 |
||